Responses for show #7702 - Tuesday, February 20, 2018

Rob Worman game 5.

Contestants

Damien Marzocchi, a museum security guard from Kew Gardens, New York

John Carlson, a clinical social worker from Omaha, Nebraska

Rob Worman, an escalation manager from Edina, Minnesota (whose 4-day cash winnings total $92,298)

Jeopardy! Round responses

THEY QUIT THE TV SHOW
ASTRONOMY
DEATH, AMERICAN STYLE
4 "F"
MARCH
OF DIMES
    $200 15
(Jessica) Lange

John
    $200 6
Pluto

John
    $200 9
Susan B. Anthony

Damien
    $200 19
fifty-fifty

Damien
    $400 16
The West Wing

Rob
    $400 7
the Northern Cross

Triple Stumper
    $400 10
Betsy Ross

Damien
    $400 20
fifteen minutes of fame

Rob
    $600 14
Star Trek: The Next Generation

John
    $600 4
a radio telescope

Damien
    $3,000 11
(Damien: Who is Alexander Hamilton?)

Aaron Burr

Damien
    $600 1
off the cuff

John
    $600 21
silver

John
    $800 17
(David) Caruso

John
    $800 5
Andromeda

Damien
    $800 12
Clara Barton

Rob
    $800 2
Hufflepuff

John
    $800 24
(Rob: What is the Macy's Thanksgiving Day Parade?)

St. Patrick's Day

Rob
Triple Stumper
    $800 22
(Rob: What is "O Brother, Where Art Thou?")
(John: What is "Hey Brother, Can You Spare A Dime?")
...
(Alex: And we have less than a minute to go now.)

"Brother, Can You Spare A Dime?"

RobJohnDamien
    $1000 18
Judith Light

John
    $1000 8
Phobos

Damien
    $1000 13
Oliver Wendell Holmes, Jr.

Triple Stumper
    $1000 3
(John: What is the stuff of life?)

the staff of life

John
Triple Stumper
    $1000 25
[The end-of-round signal sounds.]

mad as a March hare

Rob
    $1000 23
penny dreadfuls

Damien

Scores at the first commercial break (after clue 15):

Rob John Damien
$800 $1,400 $0

Scores at the end of the Jeopardy! Round:

Rob John Damien
$1,000 $3,000 $2,000

Double Jeopardy! Round responses

LANGUAGES OF INDIA
YOUR NUMBER'S UP
COMMON BONDS
(Alex: We want you to name the James Bond portrayer who's also in each of the movies that we will mention in our clue.)
NEW WORDS IN 1988
FRUIT FORWARD
A WRINKLE IN TIME
(Oprah Winfrey: I'm Oprah Winfrey.) (Mindy Kaling: I'm Mindy Kaling.) (Reese Witherspoon: I'm Reese Witherspoon. We've got clues about A Wrinkle in Time.) (Mindy Kaling: One of the most beloved books ever written.) (Oprah Winfrey: Coming to the big screen for the first time.)
    $400 4
(Damien: Who is Nehru?)

Mahatma Gandhi

Damien
Triple Stumper
    $400 15
(Rob: What is, uh...)

the seven deadly sins

RobDamien
    $400 13
Daniel Craig

Damien
    $400 29
gangsta

Damien
    $400 28
Banana Republic

Damien
    $400 30
(Alex: And thanks to A Wrinkle in Time, which opens March 9th. Get out and see it.)

Madeleine L'Engle

Rob
    $800 5
Sanskrit

Damien
    $800 16
21

Damien
    $800 14
Sean Connery

Triple Stumper
    $800 26
an e-book

Triple Stumper
    $800 27
pineapple

John
    $800 9
a star

Rob
    $1,200 6
a caste

Damien
    $1200 17
one of the twelve steps

Damien
    $1200 24
Pierce Brosnan

Damien
    $1200 25
techno

John
    $1200 10
Apples to Apples

Rob
    $1200 1
"When shall we three meet again?"

Triple Stumper
    $1600 7
Mumbai

Rob
    $1600 18
the 25th amendment

Rob
    $1600 23
Timothy Dalton

Triple Stumper
    $1600 22
(Damien: What is roid rage?)

road rage

Damien
Triple Stumper
    $1600 11
Cherry

John
    $1600 2
the Medium

John
    $2000 8
Urdu

Triple Stumper
    $2000 19
the Fates

Rob
    $2000 20
Roger Moore

Rob
    $5,000 21
JPEG

Rob
    $2000 12
Papaya King

Damien
    $2000 3
a tesseract

Damien

Scores at the end of the Double Jeopardy! Round:

Rob John Damien
$15,200 $8,200 $10,800

[wagering suggestions for these scores]

Final Jeopardy! Round responses

THE ANIMAL KINGDOM
JohnWhat is the Hummingbird?
$1,000
DamienWhat is a hummingbird?
$10,000
RobWhat is a hummingbird?
$6,401
a hummingbird

Final scores:

Rob John Damien
$21,601 $9,200 $20,800
5-day champion: $113,899 3rd place: $1,000 2nd place: $2,000

Game dynamics:

Coryat scores:

Rob John Damien
$12,200 $8,200 $13,800
12 R
(including 1 DD),
3 W
12 R,
2 W
19 R
(including 1 DD),
3 W
(including 1 DD)

Combined Coryat: $34,200

The J! Archive is created by fans, for fans. The Jeopardy! game show and all elements thereof, including but not limited to copyright and trademark thereto, are the property of Jeopardy Productions, Inc. and are protected under law. This website is not affiliated with, sponsored by, or operated by Jeopardy Productions, Inc. Join the discussion at JBoard.tv.